000 00516nam a2200229Ia 4500
008 210210b2013 xxu||||| |||| 00| 0 eng d
020 _a9781408205051
041 _aeng
082 _a418.007 HYLT
100 _aHYLSND (Ken)
245 _aTeaching and researching writing Ed 2
250 _a
260 _aLondon
_bRoutledge
_c2013
300 _axi,263
650 _awriting
650 _aTeaching
650 _aresearching
650 _aEd
650 _a2
690 _aLinguistics
906 _a072896
999 _c122681
_d122681